000 00394nam a2200169Ia 4500
001 13686
003 GE_BSU
008 181216s||||||||xx |||||||||||||| ||und||
040 _cGE_BSU
245 4 _aThe Economist, November 29TH-December 5TH 2014.
245 _bvolume 413 number 8915
260 _aLondon
260 _c2014
300 _a78p.ill.30cm.
653 _aThe Economist
942 _cCR
999 _c46835
_d46835